| 000 | 00412nam a2200145Ia 4500 | ||
|---|---|---|---|
| 008 | 230312s9999||||xx |||||||||||||| ||und|| | ||
| 020 | _a978-0345513267 | ||
| 082 |
_a641.555 _bJAM-D |
||
| 100 | _aJamie | ||
| 245 | 0 | _aDeen Bros Take it Easy:Quick and Affordable meals the whole family will love | |
| 260 |
_bBallantine Books _aUSA _c2009 |
||
| 300 | _a200 | ||
| 650 |
_aFood Science _vFood Industry |
||
| 942 | _cBK | ||
| 999 |
_c14277 _d14277 |
||